Kadam kathegalu (Record no. 149141)
[ view plain ]
| 000 -LEADER | |
|---|---|
| fixed length control field | 00577nam a2200217Ia 4500 |
| 003 - CONTROL NUMBER IDENTIFIER | |
| control field | OSt |
| 005 - DATE AND TIME OF LATEST TRANSACTION | |
| control field | 20240404144828.0 |
| 008 - FIXED-LENGTH DATA ELEMENTS--GENERAL INFORMATION | |
| fixed length control field | 210210b2011 xxu||||| |||| 00| 0 eng d |
| 040 ## - CATALOGING SOURCE | |
| Transcribing agency | AL |
| 041 ## - LANGUAGE CODE | |
| Language code of text/sound track or separate title | Kannada |
| 082 ## - DEWEY DECIMAL CLASSIFICATION NUMBER | |
| Classification number | K894.308 GAYK |
| 100 ## - MAIN ENTRY--PERSONAL NAME | |
| Personal name | GAYATRI NAVADA |
| 9 (RLIN) | 142327 |
| Dates associated with a name | ಗಾಯತ್ರಿ ನಾವಡ |
| 245 ## - TITLE STATEMENT | |
| Title | Kadam kathegalu |
| Remainder of title | ಕಾದಂ ಕಥೆಗಳು |
| 260 ## - PUBLICATION, DISTRIBUTION, ETC. | |
| Place of publication, distribution, etc. | Mangaluru |
| Name of publisher, distributor, etc. | - |
| Date of publication, distribution, etc. | 2011 |
| 300 ## - PHYSICAL DESCRIPTION | |
| Extent | x,333 |
| 650 ## - SUBJECT ADDED ENTRY--TOPICAL TERM | |
| Topical term or geographic name entry element | kathegaLu |
| 9 (RLIN) | 142328 |
| 650 ## - SUBJECT ADDED ENTRY--TOPICAL TERM | |
| Topical term or geographic name entry element | KAdam |
| 9 (RLIN) | 142329 |
| 690 ## - LOCAL SUBJECT ADDED ENTRY--TOPICAL TERM (OCLC, RLIN) | |
| Topical term or geographic name as entry element | Kannada Fiction |
| 9 (RLIN) | 142330 |
| 906 ## - LOCAL DATA ELEMENT F, LDF (RLIN) | |
| a | 066672 |
| 942 ## - ADDED ENTRY ELEMENTS (KOHA) | |
| Source of classification or shelving scheme | Dewey Decimal Classification |
| Koha item type | Book |
| Withdrawn status | Lost status | Damaged status | Not for loan | Collection code | Home library | Current library | Shelving location | Date acquired | Source of acquisition | Cost, normal purchase price | Total Checkouts | Full call number | Barcode | Date last seen | Price effective from | Koha item type |
|---|---|---|---|---|---|---|---|---|---|---|---|---|---|---|---|---|
| St Aloysius Library | St Aloysius Library | 02/17/2021 | Gayatri Navada, Vaslane, Mangalur-2 | 280.00 | K894.308 GAYK | 066672 | 02/17/2021 | 02/17/2021 | Book |